Statistiques concernant Voiture de JDM #2

Cliquez ici pour prendre le quiz!

Statistiques générales

  • Ce quiz a été pris 199 fois
  • Le résultat moyen est 7 sur 16

Statistiques - réponses

Réponse% Correct
Honda Civic Type R
86%
Nissan Silvia S15
80%
Nissan Skyline R32
70%
Mazda RX7 Savannah
63%
Toyota Celica
59%
Toyota Supra
49%
Nissan 300ZX
46%
Mitsubishi Lancer évolution VI
44%
Mitsubishi Eclipse
42%
Nissan Silvia S14
37%
Honda Intégra Type R
26%
Lexus IS300
25%
Toyota Chaser JZX100
24%
Toyota 86 Trueno
12%
Mazda MX6
5%
Lexus SC300
4%

Distribution des résultats

Percentile par nombre de réponses

% des personnes avec chaque résultat

Votre développement - résultats

Vous n’avez pas pris ce quiz